000 nam a22 7a 4500
999 _c8081
_d8081
008 171127b xxu||||| |||| 00| 0 eng d
100 _aBala.S.etal.
_94527
245 _a99 Recipes for Healthy Living
260 _aNew Delhi
_bAIIMS
_c1988